<?xml version="1.0" encoding="UTF-8"?>
<record
    xmlns:xsi="http://www.w3.org/2001/XMLSchema-instance"
    xsi:schemaLocation="http://www.loc.gov/MARC21/slim http://www.loc.gov/standards/marcxml/schema/MARC21slim.xsd"
    xmlns="http://www.loc.gov/MARC21/slim">

  <leader>00937nam a2200253Ia 4500</leader>
  <controlfield tag="003">OSt</controlfield>
  <controlfield tag="005">20241010160141.0</controlfield>
  <controlfield tag="008">200731s9999    xx            000 0 und d</controlfield>
  <datafield tag="020" ind1=" " ind2=" ">
    <subfield code="a">7010047650</subfield>
  </datafield>
  <datafield tag="020" ind1=" " ind2=" ">
    <subfield code="a">9787010047652</subfield>
  </datafield>
  <datafield tag="040" ind1=" " ind2=" ">
    <subfield code="c">GETS</subfield>
  </datafield>
  <datafield tag="041" ind1=" " ind2=" ">
    <subfield code="a">chi</subfield>
  </datafield>
  <datafield tag="050" ind1=" " ind2=" ">
    <subfield code="a">BX4827.T53</subfield>
    <subfield code="b">.C44 2004</subfield>
  </datafield>
  <datafield tag="100" ind1=" " ind2=" ">
    <subfield code="a">&#x9648;&#x6811;&#x6797;</subfield>
  </datafield>
  <datafield tag="245" ind1=" " ind2=" ">
    <subfield code="a">&#x5371;&#x673A;&#x4E0E;&#x62EF;&#x6551;:</subfield>
    <subfield code="b">&#x8482;&#x5229;&#x5E0C;&#x6587;&#x5316;&#x795E;&#x5B66;&#x5BFC;&#x8BBA; /</subfield>
    <subfield code="c">&#x9648;&#x6811;&#x6797;</subfield>
  </datafield>
  <datafield tag="246" ind1=" " ind2=" ">
    <subfield code="a">&#x5371;&#x6A5F;&#x8207;&#x62EF;&#x6551; : </subfield>
    <subfield code="b">&#x8482;&#x5229;&#x5E0C;&#x6587;&#x5316;&#x795E;&#x5B78;&#x5C0E;&#x8AD6;/</subfield>
  </datafield>
  <datafield tag="260" ind1=" " ind2=" ">
    <subfield code="a">&#x5317;&#x4EAC;:</subfield>
    <subfield code="b">&#x4EBA;&#x6C11;&#x51FA;&#x7248;&#x793E;,</subfield>
    <subfield code="c">2004</subfield>
  </datafield>
  <datafield tag="300" ind1=" " ind2=" ">
    <subfield code="a">4, 4, 318 p.</subfield>
    <subfield code="b">;</subfield>
    <subfield code="c">22 cm.</subfield>
  </datafield>
  <datafield tag="505" ind1=" " ind2=" ">
    <subfield code="a">&#x5C0E;&#x8AD6; -- &#x8482;&#x5229;&#x5E0C;&#x8207;&#x6587;&#x5316;&#x795E;&#x5B78; -- &#x6587;&#x5316;&#x795E;&#x5B78;&#x7684;&#x4E3B;&#x984C; : &#x4EBA;&#x985E;&#x56F0;&#x5883; -- &#x6587;&#x5316;&#x795E;&#x5B78;&#x5C0D;&#x6587;&#x5316;&#x5BB6;&#x5712;&#x7684;&#x91CD;&#x5EFA; -- &#x6587;&#x5316;&#x795E;&#x5B78;&#x5C0D;&#x7576;&#x4EE3;&#x6587;&#x5316;&#x7CBE;&#x795E;&#x7684;&#x6574;&#x5408; -- &#x6587;&#x5316;&#x795E;&#x5B78;&#x7684;&#x65E8;&#x8DA3; : &#x7D42;&#x6975;&#x95DC;&#x61F7; -- &#x6587;&#x5316;&#x795E;&#x5B78;&#x7684;&#x7406;&#x8AD6;&#x50F9;&#x503C;</subfield>
  </datafield>
  <datafield tag="650" ind1=" " ind2=" ">
    <subfield code="a">Christianity and culture.</subfield>
  </datafield>
  <datafield tag="650" ind1=" " ind2=" ">
    <subfield code="a">Christianity Philosophy.</subfield>
  </datafield>
  <datafield tag="650" ind1=" " ind2=" ">
    <subfield code="a">Tillich, Paul, 1886-1965.</subfield>
  </datafield>
  <datafield tag="942" ind1=" " ind2=" ">
    <subfield code="c">CB</subfield>
    <subfield code="2">ddc</subfield>
  </datafield>
  <datafield tag="952" ind1=" " ind2=" ">
    <subfield code="0">0</subfield>
    <subfield code="1">0</subfield>
    <subfield code="4">0</subfield>
    <subfield code="7">0</subfield>
    <subfield code="a">GETS</subfield>
    <subfield code="b">GETS</subfield>
    <subfield code="c">GEN</subfield>
    <subfield code="d">2020-07-09</subfield>
    <subfield code="l">0</subfield>
    <subfield code="o">BX4827.T53 .C44 2004&#xA0;</subfield>
    <subfield code="p">00000058</subfield>
    <subfield code="r">2020-07-09 00:00:00</subfield>
    <subfield code="w">2020-07-09</subfield>
    <subfield code="y">CB</subfield>
  </datafield>
  <datafield tag="999" ind1=" " ind2=" ">
    <subfield code="c">58</subfield>
    <subfield code="d">58</subfield>
  </datafield>
</record>
